Представление документа в формате RUSMARC

ПолеНазваниеЗначение
  Тип записи a
  Библиографический уровень m
001 Контрольный номер 78722b7288e84c23a8b1f20d4c3b55ef
005 Дата корректировки 20230111114423.5
010 Индекс ISBN __
a ISBN 978-5-04-096299-0
b Уточнения в пер.
9 Тираж 4000 экз.
d Цена 388-88
100 Данные общей обработки __
a Данные общей обработки 20220801d2019 de y0rusy028902 ca
101 Язык документа 0_
a Язык текста rus
102 Страна публикации __
a Страна публикации RU
105 Кодированные данные (монография) __
a Кодированные данные (монография) a f 000yy
181 Поле кодированных данных: вид содержания _0
a Код вида содержания (ISBD) i
181 Поле кодированных данных: вид содержания _0
a Код вида содержания (ISBD) b
182 Поле кодированных данных: тип средства _0
a Код типа средства (ISBD) n
200 Заглавие и сведения об ответственности 0_
a Заглавие Динозавры
e Сведения, относящиеся к заглавию иллюстрированный путеводитель : для среднего школьного возраста
f Первые сведения об ответственности Антон Малютин
203 Вид содержания и тип средства __
a Вид содержания Текст
a Вид содержания Изображение
c Тип средства непосредственные
210 Выходные данные 1_
a Место издания Москва
c Издательство Эксмо
d Дата издания 2019
215 Физическое описание __
a Объем 87, [1] с.
c Иллюстрации/тип воспроизводства цв. ил.
d Формат 29 см
225 Серия 2_
a Серия Занимательная энциклопедия
330 Аннотация __
a Аннотация Книга посвящена эволюции динозавров, самых интересных их видах. Трехмерные модели. История и новые открытия. Новинка серии "Занимательная энциклопедия". Первые находки, предположения ученых, описание растительноядных, хищных, летающих и водоплавающих видов, и самая грустная часть истории динозавров - их вымирание... обо всем вы узнаете в нашей книге, которая написана и для детей, и для взрослых.
606 Тематические рубрики __
a Основная рубрика Биология
2 Код системы nlr_sh
606 Тематические рубрики __
a Основная рубрика Палеонтология
2 Код системы nlr_sh
610 Ключевые слова 0_
a Ключевые слова динозавры
610 Ключевые слова 0_
a Ключевые слова детская литература
610 Ключевые слова 0_
a Ключевые слова познавательная литература
610 Ключевые слова 0_
a Ключевые слова развивающая литература
610 Ключевые слова 0_
a Ключевые слова ископаемые животные
610 Ключевые слова 0_
a Ключевые слова исчезнувшие животные
610 Ключевые слова 0_
a Ключевые слова доисторические животные
610 Ключевые слова 0_
a Ключевые слова виды динозавров
610 Ключевые слова 0_
a Ключевые слова занимательная палеонтология
610 Ключевые слова 0_
a Ключевые слова плотоядные динозавры
610 Ключевые слова 0_
a Ключевые слова летающие ящеры
610 Ключевые слова 0_
a Ключевые слова водоплавающие ящеры
610 Ключевые слова 0_
a Ключевые слова растительноядные ящеры
610 Ключевые слова 0_
a Ключевые слова мезозой
610 Ключевые слова 0_
a Ключевые слова мезозойская эра
686 Индексы других классификаций __
2 Код системы rubbks
a Классификационный индекс ст28.1я2
700 Автор _1
a Фамилия Малютин
b Имя А. О.
g Полное личное имя Антон Олегович
4 Код отношения 070
801 Источник записи _0
b Организация Муниципальное бюджетное учреждение культуры "Централизованная библиотечная система" г. Сургут (Центральная городская библиотека им. А. С. Пушкина)
a Страна RU
c Дата составления 20220801
g Правила каталогизации PSBO
801 Источник записи _1
b Организация Муниципальное бюджетное учреждение культуры "Централизованная библиотечная система" г. Сургут (Центральная городская библиотека им. А. С. Пушкина)
a Страна RU
c Дата составления 20220801
g Правила каталогизации PSBO
852 Данные о местонахождении 5_
j Шифр хранения ст28.1я2
i Авторский знак М 21
900 Макрообъекты __
a Макрообъекты Динозавры. Иллюстрированный путеводитель, 2019.
901 Тип документа __
a Ответственный ООФиК/Волкова
t Тип документа m
903 Характеристики (МАРС) __
a Дата передачи 20220801
c Наименование библиотеки (МАРС) Муниципальное бюджетное учреждение культуры "Централизованная библиотечная система" г. Сургут (Центральная городская библиотека им. А. С. Пушкина)
969 Тип издания __
a Тип издания издание для детей
a Тип издания энциклопедия
a Тип издания научно-популярное издание
990 Данные о заказе (DOS) __
j Количество экземпляров (DOS) 8
t N записи в КСУ для И/У (DOS) 202208